MARC details
| 000 -CABECERA |
| campo de control de longitud fija |
00963cam a2200265 a 4500 |
| 001 - NÚMERO DE CONTROL |
| campo de control |
000015072 |
| 005 - FECHA Y HORA DE LA ÚLTIMA TRANSACCIÓN |
| campo de control |
20200929163939.0 |
| 008 - DATOS DE LONGITUD FIJA--INFORMACIÓN GENERAL |
| campo de control de longitud fija |
960702s1977 txu 000 0 spa |
| 020 ## - NÚMERO INTERNACIONAL ESTÁNDAR DEL LIBRO |
| Número Internacional Estándar del Libro |
0311057632 |
| 040 ## - FUENTE DE LA CATALOGACIÓN |
| Centro catalogador/agencia de origen |
DO-SdBNP |
| Lengua de catalogación |
spa |
| Centro/agencia transcriptor |
DLC |
| Centro/agencia modificador |
BNPHU |
| 041 17 - CÓDIGO DE LENGUA |
| Código de lengua del texto/banda sonora o título independiente |
spa |
| Código de lengua original |
eng |
| Fuente del código |
Código idioma Marc |
| 082 ## - NÚMERO DE LA CLASIFICACIÓN DECIMAL DEWEY |
| Número de clasificación |
283.9 |
| Número de documento/Ítem |
C874m |
| 049 ## - FONDOS LOCALES (OCLC) |
| Fondos de biblioteca |
BNGR |
| 100 1# - ENTRADA PRINCIPAL--NOMBRE DE PERSONA |
| Nombre de persona |
Cowan, Marvin W. |
| 9 (RLIN) |
34128 |
| 240 10 - TÍTULO UNIFORME |
| Título uniforme |
Mormon Claims Answered |
| Lenguaje de la obra |
Español |
| 245 14 - MENCIÓN DE TÍTULO |
| Título |
Los mormones : |
| Resto del título |
sus doctrinas refutadas a la luz de la Biblia / |
| Mención de responsabilidad, etc. |
Marvin W. Cowan ; traducción de Tomás de la Fuentes. |
| 260 ## - PUBLICACIÓN, DISTRIBUCIÓN, ETC. |
| Lugar de publicación, distribución, etc. |
[El Paso, Texa] : |
| Nombre del editor, distribuidor, etc. |
Casa Bautista de Publicaciones, |
| Fecha de publicación, distribución, etc. |
1977. |
| 300 ## - DESCRIPCIÓN FÍSICA |
| Extensión |
159 p. ; |
| Dimensiones |
21 cm. |
| 504 ## - NOTA DE BIBLIOGRAFÍA, ETC. |
| Nota de bibliografía, etc. |
Incluye referencias bibliográfica (p.159) |
| 534 ## - NOTA SOBRE LA VERSIÓN ORIGINAL |
| Encabezamiento principal del original |
Título original inglés: |
| Mención de título del original |
Mormon Claims Answered |
| 650 #4 - PUNTO DE ACCESO ADICIONAL DE MATERIA--TÉRMINO DE MATERIA |
| Término de materia o nombre geográfico como elemento de entrada |
Mormonismo |
| Subdivisión general |
Historia |
| 9 (RLIN) |
34129 |
| 650 #4 - PUNTO DE ACCESO ADICIONAL DE MATERIA--TÉRMINO DE MATERIA |
| Término de materia o nombre geográfico como elemento de entrada |
Iglesia mormona |
| Subdivisión general |
Historia |
| 9 (RLIN) |
34130 |
| 700 1# - PUNTO DE ACCESO ADICIONAL--NOMBRE DE PERSONA |
| Nombre de persona |
Fuentes, Tomás de la |
| Término indicativo de función/relación |
tr. |
| 9 (RLIN) |
34131 |
| 910 ## - DATOS DE OPCIÓN DEL USUARIO (OCLC) |
| Datos de opción del usuario |
Catalogación derivada |